| 000 | 00862nam0a22002651 4500 | ||
|---|---|---|---|
| 001 | rc\4026791 | ||
| 005 | 20250611062122.0 | ||
| 021 |
_aRU _b[57-3339] |
||
| 035 | _a(NLR Aleph) 008089753 | ||
| 090 |
_a9176005 _c9176005 |
||
| 100 | _a20130415d1956 |||y0rusy50 ca | ||
| 101 | 0 | _arus | |
| 102 | _aRU | ||
| 105 | _aa z ||||| | ||
| 200 | 1 | _aРационализация ремонта металлорежущих станков | |
| 210 |
_aЛенинград _cЛениздат _d1956 |
||
| 215 |
_a112 с. _cил. _d22 |
||
| 606 |
_aМеталлорежущие станки _xРемонт _2psbo |
||
| 700 | 1 |
_aГельберг _bБ.Т. _gБоаз Тевелевич |
|
| 701 | 1 |
_aВолосатов _bВ.А. _gВиктор Алексеевич |
|
| 801 | 0 |
_aRU _bNLR _gpsbo |
|
| 801 | 1 |
_aRU _bELAR _2rusmarc |
|
| 852 |
_aNLR _j57-5/393 |
||
| 942 | _cBOOK | ||
| 980 | _aNB | ||